|
|
|
|
| LEADER |
00000nam a2200000Ii 4500 |
| 001 |
DIGBN04704 |
| 003 |
NyNyDIG |
| 008 |
160809t20002000sp ob 000 0 spa d |
| 006 |
m o d |
| 007 |
cr ||||||||||| |
| 035 |
|
|
|a (OCoLC)956759111
|
| 040 |
|
|
|a DGITA
|b eng
|e rda
|e pn
|c DGITA
|
| 020 |
|
|
|z 8470307088
|
| 020 |
|
|
|z 9788470307089
|
| 041 |
1 |
|
|a spa
|h san
|
| 050 |
0 |
4 |
|a BL1138.62.S6 eBook
|
| 082 |
0 |
4 |
|a 294.5924
|2 23
|
| 130 |
0 |
|
|a Bhagavadgītā.
|l Spanish.
|
| 245 |
1 |
3 |
|a El canto del Señor Bhagavad-Gîtâ /
|c traducción directa del sánscrito, introducción, edición y notas de Fernando Tola.
|
| 264 |
|
1 |
|a Madrid :
|b Biblioteca Nueva,
|c [2000]
|
| 264 |
|
4 |
|c ©2000
|
| 300 |
|
|
|a 1 online resource.
|
| 336 |
|
|
|a text
|b txt
|2 rdacontent
|
| 337 |
|
|
|a computer
|b c
|2 rdamedia
|
| 338 |
|
|
|a online resource
|b cr
|2 rdacarrier
|
| 490 |
1 |
|
|a Colección Taxila ;
|v 4
|
| 500 |
|
|
|a Translation of: Bhagavadgītā.
|
| 500 |
|
|
|a "De las innumerables ediciones de la Bhagavad-Gitá aparecidas en la India sólo mencionaremos la contenida en la edición crítica del Mahábhárata, volumen VII, págs. 114-188, del Bhandarkar Oriental Research Institute, Puna (Poona), India, que hemos seguido para la presente traducción"--Page 221.
|
| 504 |
|
|
|a Includes bibliographical references.
|
| 588 |
0 |
|
|a Online resource; title from PDF title page (Digitalia, viewed August 9, 2016)
|
| 630 |
0 |
0 |
|a Bhagavadgītā.
|
| 650 |
|
0 |
|a Hinduism
|x Sacred books.
|
| 655 |
|
0 |
|a Electronic books.
|
| 700 |
1 |
|
|a Tola, Fernando,
|d 1915-
|e editor,
|e translator.
|
| 791 |
2 |
|
|a Digitalia (Firm),
|e distributor.
|
| 793 |
0 |
|
|g Digitalia eBook Collection:
|a Biblioteca Nueva
|
| 776 |
0 |
8 |
|i Print version:
|a Bhagavadgītā. Spanish.
|t Canto del Señor Bhagavad-Gîtâ.
|d Madrid : Biblioteca Nueva, ©2000
|z 8470307088
|w (OCoLC)53936138
|
| 830 |
|
0 |
|a Colección Taxila ;
|v 4.
|
| 856 |
4 |
0 |
|3 Digitalia Hispánica
|u https://www.digitaliapublishing.com/a/4611/
|
| 910 |
|
|
|a Premium Collection: 2007-2012
|